System Analysis and Design (Record no. 69)

MARC details
000 -LEADER
fixed length control field 00374nam a22001577a 4500
005 - DATE AND TIME OF LATEST TRANSACTION
control field 20160426170505.0
008 - FIXED-LENGTH DATA ELEMENTS--GENERAL INFORMATION
fixed length control field 160426b xxu||||| |||| 00| 0 eng d
020 ## - INTERNATIONAL STANDARD BOOK NUMBER
ISBN 9971-51-391-9
041 ## - LANGUAGE CODE
Language code of text/sound track or separate title eng
082 ## - DEWEY DECIMAL CLASSIFICATION NUMBER
Item number 00190
100 ## - MAIN ENTRY--AUTHOR NAME
Personal name Dennis, Alan
245 ## - TITLE STATEMENT
Title System Analysis and Design
260 ## - PUBLICATION, DISTRIBUTION, ETC. (IMPRINT)
Place of publication New York
Name of publisher John Wiley & Sons Inc,
Year of publication 2002
300 ## - PHYSICAL DESCRIPTION
Number of Pages 516
942 ## - ADDED ENTRY ELEMENTS (KOHA)
Koha item type Books
Holdings
Lost status Damaged status Home library Current library Shelving location Date acquired Cost, normal purchase price Accession Number Koha item type
    JRU Library JRU Library SHELF-75-M 26/04/2016 302.25 00190 Books